MARC details
| 000 -LEADER |
| fixed length control field |
05486cam a2200469 i 4500 |
| 001 - CONTROL NUMBER |
| control field |
18748443 |
| 003 - CONTROL NUMBER IDENTIFIER |
| control field |
GZU |
| 005 - DATE AND TIME OF LATEST TRANSACTION |
| control field |
20210310083341.0 |
| 008 - FIXED-LENGTH DATA ELEMENTS--GENERAL INFORMATION |
| fixed length control field |
150818s2016 nyu b 001 0 eng |
| 010 ## - LIBRARY OF CONGRESS CONTROL NUMBER |
| LC control number |
2015032311 |
| 020 ## - INTERNATIONAL STANDARD BOOK NUMBER |
| International Standard Book Number |
9781107071131 (v. 1 : hardback) |
| 020 ## - INTERNATIONAL STANDARD BOOK NUMBER |
| International Standard Book Number |
9781107415539 (v. 1 : paperback) |
| 020 ## - INTERNATIONAL STANDARD BOOK NUMBER |
| International Standard Book Number |
9781107073197 (v. 2 : hardback) |
| 020 ## - INTERNATIONAL STANDARD BOOK NUMBER |
| International Standard Book Number |
9781107422988 (v. 2 : paperback) |
| 040 ## - CATALOGING SOURCE |
| Original cataloging agency |
DLC |
| Language of cataloging |
eng |
| Transcribing agency |
DLC |
| Description conventions |
rda |
| Modifying agency |
DLC |
| 042 ## - AUTHENTICATION CODE |
| Authentication code |
pcc |
| 043 ## - GEOGRAPHIC AREA CODE |
| Geographic area code |
n-us--- |
| 050 00 - LIBRARY OF CONGRESS CALL NUMBER |
| Classification number |
KF379 |
| Item number |
.N49 2016 |
| 082 00 - DEWEY DECIMAL CLASSIFICATION NUMBER |
| Classification number |
340/.10973 |
| Edition number |
23 |
| 245 04 - TITLE STATEMENT |
| Title |
The new legal realism. |
| Remainder of title |
translating law-and-sociiety for today's legal practice |
| Statement of responsibility, etc. |
edited by Elizabeth Mertz, Stewart Macaulay and Thomas W. Mitchell |
| 264 #1 - PRODUCTION, PUBLICATION, DISTRIBUTION, MANUFACTURE, AND COPYRIGHT NOTICE |
| Place of production, publication, distribution, manufacture |
New York, NY : |
| Name of producer, publisher, distributor, manufacturer |
Cambridge University Press, |
| Date of production, publication, distribution, manufacture, or copyright notice |
2016. |
| 300 ## - PHYSICAL DESCRIPTION |
| Extent |
2 volumes ; |
| Dimensions |
24 cm |
| 336 ## - CONTENT TYPE |
| Content type term |
text |
| Content type code |
txt |
| Source |
rdacontent |
| 337 ## - MEDIA TYPE |
| Media type term |
unmediated |
| Media type code |
n |
| Source |
rdamedia |
| 338 ## - CARRIER TYPE |
| Carrier type term |
volume |
| Carrier type code |
nc |
| Source |
rdacarrier |
| 504 ## - BIBLIOGRAPHY, ETC. NOTE |
| Bibliography, etc. note |
Includes bibliographical references and indexes. |
| 505 0# - FORMATTED CONTENTS NOTE |
| Formatted contents note |
volume I. Translating law-and-society for today's legal practice / edited by Elizabeth Mertz (American Bar Foundation and University of Wisconsin School of Law), Stewart Macaulay (University of Wisconsin, Madison), Thomas W. Mitchell (Texas A&M University School of Law and Texas A&M Department of Agricultural Economics). Preface / Michael McCann -- Introduction : new legal realism : law and social science in the new millennium / Elizabeth Mertz -- A new legal realism : elegant models and the messy law in action / Stewart Macaulay -- Putting the "real world" into traditional classroom teaching / Jane H. Aiken and Ann Shalleck -- Some realism about realism in teaching about the legal profession / Ann Southworth, Bryant Garth, and Catherine Fisk -- "Fielding" legal realism : law students as participant- observers? / Riaz Tejani -- Legal r/realism and jurisprudence : ten theses / William Twining -- Legal realism in context / Brian Z. Tamanaha -- Legal storytelling as a variety of legal realism / Robert W. Gordon -- Combining methods for a new synthesis in law and empirical research / Elizabeth Mertz and Katherine Barnes -- New legal realism and inequality / Thomas W. Mitchell -- The financial crisis and moral accountability : translating practices of risk, profit and uncertainty / Alex Tham -- The moment of possibles : some new legal realism about a "reality thriller" case / Hadi Nicholas Deeb -- Translating law across cultures and societies : a conversation with David Bellos and Kim Lane Scheppele / David Bellos and Kim Lane Scheppele -- Is there a lingua franca for the American legal academy? / Mary Anne Case. |
| 505 0# - FORMATTED CONTENTS NOTE |
| Formatted contents note |
volume II. Studying law globally / edited by Heinz Klug (University of Wisconsin School of Law) and Sally Engle Merry (New York University). Preface / Michael McCann -- Introduction / Heinz Klug and Sally Engle Merry -- African constitutionalism from the bottom-up / Martin Chanock -- Human rights monitoring, state compliance, and the problem of information / Sally Engle Merry -- Intellectual property and the creation of global rules / Susan K. Sell -- Colonizing the clinic : the adventures of law in HIV treatment and research / Carol A. Heimer and Jaimie Morse -- The politics of Islamic law and human rights : Sudan's rival legal systems / Mark Fathi Massoud -- Women seeking justice at the intersection between vernacular and state laws and courts in rural KwaZulu-Natal, South Africa / Sindiso Mnisi Weeks -- New legal realism and international law / Gregory Shaffer -- The deconstruction of offshore / Sol Picciotto -- The changing role of lawyers in China : state bureaucrats, market brokers, and political activists / Sida Liu -- The irreconcilable goals of transitional justice / Bronwyn Leebaw -- Pushing states to prosecute atrocity : the Inter-American Court and positive complementarity / Alexandra Huneeus -- When law and social science diverge : causation in the international law of incitement to commit genocide / Richard A. Wilson. |
| 520 ## - SUMMARY, ETC. |
| Summary, etc. |
"This is the first of two volumes announcing the emergence of the new legal realism as a field of study. At a time when the legal academy is turning to social science for new approaches, these volumes chart a new course for interdisciplinary research by synthesizing law on the ground, empirical research, and theory. Volume I lays the groundwork for this novel and comprehensive approach with an innovative mix of theoretical, historical, pedagogical, and empirical perspectives. Their empirical work covers such wide-ranging topics as the financial crisis, intellectual property battles, the legal disenfranchisement of African-American landowners, and gender and racial prejudice on law school faculties. The methodological blueprint offered here will be essential for anyone interested in the future of law-and-society"-- |
| Assigning source |
Provided by publisher. |
| 650 #0 - SUBJECT ADDED ENTRY--TOPICAL TERM |
| Topical term or geographic name entry element |
Law |
| Geographic subdivision |
United States |
| General subdivision |
Philosophy. |
| 650 #0 - SUBJECT ADDED ENTRY--TOPICAL TERM |
| Topical term or geographic name entry element |
Realism. |
| 650 #0 - SUBJECT ADDED ENTRY--TOPICAL TERM |
| Topical term or geographic name entry element |
Law |
| General subdivision |
Study and teaching |
| Geographic subdivision |
United States. |
| 653 ## - INDEX TERM--UNCONTROLLED |
| Uncontrolled term |
New Legal Realism |
| 700 1# - ADDED ENTRY--PERSONAL NAME |
| Personal name |
Macaulay, Stewart, |
| Dates associated with a name |
1931- |
| Relator term |
editor. |
| 700 1# - ADDED ENTRY--PERSONAL NAME |
| Personal name |
Mertz, Elizabeth, |
| Relator term |
editor. |
| 700 1# - ADDED ENTRY--PERSONAL NAME |
| Personal name |
Mitchell, Thomas W, |
| Relator term |
editor. |
| 700 1# - ADDED ENTRY--PERSONAL NAME |
| Personal name |
Klug, Heinz, |
| Dates associated with a name |
1957- |
| Relator term |
editor. |
| 700 1# - ADDED ENTRY--PERSONAL NAME |
| Personal name |
Merry, Sally Engle, |
| Dates associated with a name |
1944- |
| Relator term |
editor. |
| 906 ## - LOCAL DATA ELEMENT F, LDF (RLIN) |
| a |
7 |
| b |
cbc |
| c |
orignew |
| d |
1 |
| e |
ecip |
| f |
20 |
| g |
y-gencatlg |
| 942 ## - ADDED ENTRY ELEMENTS (KOHA) |
| Source of classification or shelving scheme |
Library of Congress Classification |
| Koha item type |
Books |
| Classification part |
379 |
| Item part |
NEW |
| Call number prefix |
KF |
| Call number suffix |
2016 |